[Event "POR-ch U16"]
[Site "Luso"]
[Date "2018.03.27"]
[Round "5"]
[White "Martins, Antonio MG Costa"]
[Black "Apolonia, Pedro Filipe Cristo"]
[Result "0-1"]
[WhiteElo "1536"]
[BlackElo "1679"]
[PlyCount "118"]
[EventDate "2018.03.24"]
[EventType "swiss"]
[EventRounds "7"]
[EventCountry "POR"]
[SourceTitle "EXT 2019"]
[Source "ChessBase"]
[SourceDate "2018.10.10"]
[SourceVersion "1"]
[SourceVersionDate "2018.10.10"]
[SourceQuality "1"]

1. e4 c5 2. Nf3 g6 3. d4 cxd4 4. Qxd4 Nf6 5. e5 Nc6 6. Qa4 Nd5 7. Bc4 Nb6 8. Qb3 Nxc4 9. Qxc4 Bg7 10. Bf4 d6 11. Qb5 a6 12. Qe2 dxe5 13. Nxe5 Qa5+ 14. b4 Qxb4+ 15. Bd2 Qb5 16. Qxb5 axb5 17. f4 Nxe5 18. fxe5 Bxe5 19. Nc3 b4 20. Nd5 Bxa1 21. Nc7+ Kd8 22. Nxa8 Bc3 23. Bxc3 bxc3 24. Nb6 Bd7 25. Nd5 Bc6 26. Nxc3 Bxg2 27. Rg1 Bc6 28. Rf1 f5 29. Rf2 e5 30. Rd2+ Ke7 31. Nd5+ Bxd5 32. Rxd5 Ke6 33. Rb5 Rc8 34. Rb2 Rc7 35. Kd2 f4 36. c3 Kd5 37. Rb4 h5 38. Kd3 Ke6 39. Rb6+ Kf5 40. Rb5 Rd7+ 41. Ke2 Re7 42. a4 Kg4 43. Rb1 e4 44. Rg1+ Kf5 45. h4 Re5 46. Rg5+ Kf6 47. c4 Rxg5 48. hxg5+ Ke5 49. Kf2 Kd4 50. a5 Kxc4 51. Kg2 Kd3 52. a6 bxa6 53. Kh3 e3 54. Kg2 e2 55. Kf2 Kd2 56. Kg2 e1Q 57. Kf3 Qe3+ 58. Kg2 f3+ 59. Kg3 Qxg5+ 0-1

[Event "POR-ch U16"]
[Site "Luso"]
[Date "2018.03.25"]
[Round "2"]
[White "Martins, Antonio MG Costa"]
[Black "Veiga, Jose Francisco RP"]
[Result "0-1"]
[WhiteElo "1536"]
[BlackElo "2316"]
[PlyCount "104"]
[EventDate "2018.03.24"]
[EventType "swiss"]
[EventRounds "7"]
[EventCountry "POR"]
[SourceTitle "EXT 2019"]
[Source "ChessBase"]
[SourceDate "2018.10.10"]
[SourceVersion "1"]
[SourceVersionDate "2018.10.10"]
[SourceQuality "1"]

1. e4 c5 2. Nf3 g6 3. d4 Bg7 4. Nc3 cxd4 5. Nxd4 Nc6 6. Be3 Nf6 7. Be2 0-0 8. 0-0 d5 9. exd5 Nxd5 10. Nxd5 Qxd5 11. Bf3 Qc4 12. Nxc6 bxc6 13. c3 Rb8 14. Be2 Qd5 15. Qxd5 cxd5 16. b3 Bxc3 17. Rad1 Bb7 18. Rd3 Bf6 19. Rd2 a6 20. Rfd1 Rbc8 21. Bd4 Kg7 22. f4 Bxd4+ 23. Rxd4 Rc2 24. R1d2 Rfc8 25. Kf2 f6 26. Rxc2 Rxc2 27. Rb4 Bc8 28. Ke3 Rxa2 29. Rb8 Bf5 30. g4 Be4 31. Rb6 a5 32. b4 a4 33. Ra6 a3 34. b5 f5 35. gxf5 gxf5 36. Ra4 e5 37. Ra7+ Kf6 38. Ra6+ Ke7 39. Ra7+ Kd6 40. fxe5+ Kxe5 41. b6 d4+ 42. Kf2 d3 43. b7 Rxe2+ 44. Kf1 Rb2 45. Ra5+ Kf4 46. Rxa3 Rxb7 47. h4 h5 48. Kf2 Rb2+ 49. Kf1 Ke3 50. Kg1 Rb1+ 51. Kh2 Rh1+ 52. Kg3 f4# 0-1

[Event "POR-ch U16"]
[Site "Luso"]
[Date "2017.04.11"]
[Round "6"]
[White "Martins, Antonio MG Costa"]
[Black "Oliveira, Beatriz Correia"]
[Result "1/2-1/2"]
[WhiteElo "1468"]
[BlackElo "1092"]
[PlyCount "90"]
[EventDate "2017.04.08"]
[EventType "swiss"]
[EventRounds "7"]
[EventCountry "POR"]
[SourceTitle "EXT 2018"]
[Source "ChessBase"]
[SourceDate "2017.10.13"]
[SourceVersion "1"]
[SourceVersionDate "2017.10.13"]
[SourceQuality "1"]

1. e4 d5 2. exd5 Qxd5 3. Nc3 Qd8 4. Bc4 Nf6 5. Nf3 Bg4 6. Bxf7+ Kxf7 7. Ne5+ Ke8 8. Nxg4 Nbd7 9. d3 Nxg4 10. Qxg4 Nf6 11. Qe6 Qd6 12. Qxd6 exd6 13. 0-0 h6 14. Re1+ Kd7 15. Bd2 c6 16. Ne4 Be7 17. Bc3 Rhf8 18. Nxf6+ Bxf6 19. Bxf6 Rxf6 20. Re2 Raf8 21. Rae1 R8f7 22. f3 d5 23. c3 Rg6 24. Kf2 b6 25. c4 d4 26. b4 Rgf6 27. Re4 c5 28. b5 g5 29. Kg3 Rh7 30. Re8 h5 31. Rg8 Rf5 32. h3 Kc7 33. h4 gxh4+ 34. Kxh4 Rf4+ 35. Kg5 Rff7 36. Rg6 h4 37. Kg4 Rf8 38. Re4 h3 39. gxh3 Rfh8 40. Rge6 Rh4+ 41. Kg5 R4h5+ 42. Kf4 Rh4+ 43. Ke5 R8h5+ 44. Kf6 Rh6+ 45. Kg5 R6h5+ 1/2-1/2

[Event "POR-ch U16"]
[Site "Luso"]
[Date "2017.04.11"]
[Round "5"]
[White "Sa, Luis Afonso"]
[Black "Martins, Antonio MG Costa"]
[Result "1/2-1/2"]
[WhiteElo "1551"]
[BlackElo "1468"]
[PlyCount "153"]
[EventDate "2017.04.08"]
[EventType "swiss"]
[EventRounds "7"]
[EventCountry "POR"]
[SourceTitle "EXT 2018"]
[Source "ChessBase"]
[SourceDate "2017.10.13"]
[SourceVersion "1"]
[SourceVersionDate "2017.10.13"]
[SourceQuality "1"]

1. e4 d6 2. d4 Nf6 3. Nc3 g6 4. f4 Bg7 5. Nf3 0-0 6. Bc4 Nfd7 7. 0-0 c5 8. Be3 cxd4 9. Nxd4 Nc6 10. Bb3 Na5 11. h3 Nb6 12. Qd3 Bd7 13. Nd5 Nxd5 14. Bxd5 Bc6 15. b4 a6 16. bxa5 Bxd5 17. exd5 Qxa5 18. Nb3 Qc7 19. Rac1 Rac8 20. c4 Qd7 21. Rfe1 Rfe8 22. Bd4 f6 23. Qe3 Qa4 24. Qe2 Kf8 25. c5 dxc5 26. Bxc5 Qd7 27. Qe6 Qxe6 28. Rxe6 Kf7 29. Rce1 Rc7 30. Bb6 Rd7 31. Bc5 f5 32. d6 exd6 33. Rxe8 dxc5 34. Kh2 b6 35. Rb8 c4 36. Nc1 Bc3 37. Ree8 Bd2 38. Ne2 c3 39. Rec8 Re7 40. Nxc3 Bxf4+ 41. g3 Bxb8 42. Rxb8 Rc7 43. Nd5 Rc2+ 44. Kg1 Rxa2 45. Rxb6 a5 46. Ra6 a4 47. Nb6 a3 48. Nc4 Ra1+ 49. Kg2 a2 50. Nd2 Kg7 51. Kf2 Kf7 52. Ke2 Kg7 53. h4 Kh6 54. Ra7 g5 55. Nf3 g4 56. Ne1 f4 57. gxf4 g3 58. Kf3 Rxe1 59. Rxa2 Kg6 60. Kxg3 Re3+ 61. Kf2 Rh3 62. Kg2 Rxh4 63. Kg3 Rh1 64. Ra8 Rg1+ 65. Kf2 Rb1 66. Ke3 Rb3+ 67. Ke4 Rb4+ 68. Kf3 h5 69. Ra5 Rb3+ 70. Ke4 Rb4+ 71. Ke5 Rb6 72. Rd5 Rf6 73. Rd8 Rf5+ 74. Ke4 Ra5 75. Rd6+ Kf7 76. f5 h4 77. Rh6 1/2-1/2

[Event "POR-ch U16"]
[Site "Luso"]
[Date "2017.04.09"]
[Round "3"]
[White "Martins, Antonio MG Costa"]
[Black "Silva, Joao Miguel Pereira"]
[Result "1/2-1/2"]
[WhiteElo "1468"]
[BlackElo "1546"]
[PlyCount "68"]
[EventDate "2017.04.08"]
[EventType "swiss"]
[EventRounds "7"]
[EventCountry "POR"]
[SourceTitle "EXT 2018"]
[Source "ChessBase"]
[SourceDate "2017.10.13"]
[SourceVersion "1"]
[SourceVersionDate "2017.10.13"]
[SourceQuality "1"]

1. e4 c6 2. d4 d5 3. Nd2 dxe4 4. Nxe4 Nf6 5. Nxf6+ exf6 6. Nf3 Bd6 7. Bc4 0-0 8. 0-0 Be6 9. Bxe6 fxe6 10. c4 Re8 11. Re1 Qd7 12. Qb3 Na6 13. c5 Bf8 14. Bf4 g5 15. Be3 Nc7 16. Nd2 Nd5 17. Ne4 Kh8 18. Rad1 h6 19. a3 f5 20. Nc3 Bg7 21. Nxd5 exd5 22. Qd3 Re7 23. Bd2 Rae8 24. Re3 f4 25. Rxe7 Rxe7 26. f3 Kg8 27. Kf2 Kf7 28. b4 a6 29. Rh1 Qe6 30. Re1 Qf6 31. Rxe7+ Kxe7 32. Bc3 Qe6 33. Qe2 Qxe2+ 34. Kxe2 Ke6 1/2-1/2

[Event "POR-ch U14"]
[Site "Luso"]
[Date "2016.07.24"]
[Round "7"]
[White "Oliveira, Maria Alice Ramos"]
[Black "Martins, Antonio MG Costa"]
[Result "0-1"]
[WhiteElo "1761"]
[BlackElo "1389"]
[PlyCount "134"]
[EventDate "2016.07.20"]
[EventType "swiss"]
[EventRounds "7"]
[EventCountry "POR"]
[SourceTitle "EXT 2018"]
[Source "ChessBase"]
[SourceDate "2017.10.13"]
[SourceVersion "1"]
[SourceVersionDate "2017.10.13"]
[SourceQuality "1"]

1. e4 e5 2. Nf3 Nf6 3. Nxe5 d6 4. Nf3 Nxe4 5. d4 d5 6. Bd3 Nf6 7. 0-0 Be7 8. Bf4 0-0 9. Nbd2 Bg4 10. h3 Bh5 11. c3 Bd6 12. Bxd6 Qxd6 13. Qc2 Nbd7 14. Rae1 Rfe8 15. Nh4 Bg6 16. Bxg6 fxg6 17. Nhf3 Rxe1 18. Rxe1 Re8 19. Rxe8+ Nxe8 20. Qd3 c6 21. Qe2 Nc7 22. Ne5 Qe7 23. Ndf3 Ne8 24. c4 Nc7 25. b3 Nb6 26. c5 Nd7 27. Qe3 Nf6 28. Ng5 Nce8 29. b4 a6 30. a4 Nc7 31. Kf1 Qe8 32. f3 Qe7 33. h4 Qe8 34. Kf2 Qe7 35. Kg1 Qe8 36. g4 Qe7 37. Kg2 Qe8 38. Kg3 Qe7 39. Qe2 Qe8 40. Qd3 Nd7 41. Ngf7 Nxe5 42. Nxe5 Qe6 43. Qe3 Qe7 44. Kh3 Qe6 45. Qg5 Qf6 46. Qe3 Ne6 47. Kg3 g5 48. hxg5 Qxg5 49. Qxg5 Nxg5 50. Kf4 Ne6+ 51. Ke3 Kf8 52. Nd3 Ke7 53. Ne5 Kf6 54. Nd3 g6 55. Nf2 h5 56. gxh5 gxh5 57. Nh3 Kf5 58. a5 h4 59. Kf2 Nxd4 60. f4 Kg4 61. Kg2 Nc2 62. Kh2 Nxb4 63. Nf2+ Kxf4 64. Kh3 Kf3 65. Ng4 Nd3 66. Kxh4 Nxc5 67. Ne5+ Ke4 0-1

[Event "POR-ch U14"]
[Site "Luso"]
[Date "2015.07.25"]
[Round "6"]
[White "Fernandes, Joao Pedro Murtinho"]
[Black "Martins, Antonio MG Costa"]
[Result "1-0"]
[WhiteElo "1662"]
[BlackElo "1448"]
[PlyCount "100"]
[EventDate "2015.07.22"]
[EventType "swiss"]
[EventRounds "7"]
[EventCountry "POR"]
[SourceTitle "EXT 2018"]
[Source "ChessBase"]
[SourceDate "2017.10.13"]
[SourceVersion "1"]
[SourceVersionDate "2017.10.13"]
[SourceQuality "1"]

1. e4 e5 2. Nf3 Nf6 3. Nxe5 d6 4. Nf3 Nxe4 5. d3 Nf6 6. d4 d5 7. Bd3 Bd6 8. 0-0 0-0 9. Nc3 c6 10. Ne2 h6 11. Ng3 Qc7 12. Bf5 Bxg3 13. Bxc8 Bxh2+ 14. Nxh2 Qxc8 15. Qf3 Qe6 16. Be3 Qe4 17. Qg3 Qxc2 18. Bxh6 Qg6 19. Qxg6 fxg6 20. Be3 Nbd7 21. Nf3 Ne4 22. Rac1 Nd6 23. b3 Nf5 24. Bg5 Rae8 25. Rfe1 Kf7 26. Bf4 Rxe1+ 27. Rxe1 Kg8 28. g3 Nf6 29. Kg2 Re8 30. Rxe8+ Nxe8 31. Be5 b6 32. Bb8 a6 33. Ba7 b5 34. Ne5 Ne7 35. Bc5 Nc8 36. Nxg6 Nc7 37. Ne5 Ne6 38. Nxc6 Nxc5 39. dxc5 Kf7 40. Nb4 Ke6 41. Nxa6 Ke5 42. Kf3 Kd4 43. Ke2 Kc3 44. Nc7 Kb2 45. Nxd5 Kxa2 46. Nc3+ Kxb3 47. Nxb5 Kc4 48. Nd6+ Kxc5 49. Nxc8 Kc6 50. Ne7+ Kd6 1-0

[Event "POR-ch U14"]
[Site "Luso"]
[Date "2015.07.23"]
[Round "2"]
[White "Martins, Antonio MG Costa"]
[Black "Maciel, Rafael Figueiredo C"]
[Result "1/2-1/2"]
[WhiteElo "1448"]
[BlackElo "1299"]
[PlyCount "101"]
[EventDate "2015.07.22"]
[EventType "swiss"]
[EventRounds "7"]
[EventCountry "POR"]
[SourceTitle "EXT 2018"]
[Source "ChessBase"]
[SourceDate "2017.10.13"]
[SourceVersion "1"]
[SourceVersionDate "2017.10.13"]
[SourceQuality "1"]

1. e4 e5 2. Nf3 Nc6 3. Bb5 a6 4. Ba4 d6 5. h3 Nf6 6. d3 Be6 7. c3 b5 8. Bc2 d5 9. 0-0 h6 10. Re1 dxe4 11. dxe4 Qxd1 12. Rxd1 Bd6 13. a4 b4 14. a5 b3 15. Bd3 0-0 16. Nbd2 Rfe8 17. Re1 Bc5 18. Bc4 Bxc4 19. Nxc4 Rad8 20. Be3 Nxe4 21. Bxc5 Nxc5 22. Nfxe5 Nxe5 23. Rxe5 Nd3 24. Rxe8+ Rxe8 25. Ne3 Re4 26. Rd1 Nxb2 27. Rd8+ Kh7 28. Rb8 Nc4 29. Nxc4 Rxc4 30. Rxb3 Ra4 31. Rb7 Rxa5 32. Rxc7 f6 33. c4 Ra1+ 34. Kh2 a5 35. c5 Rc1 36. c6 a4 37. Ra7 Rxc6 38. Rxa4 g5 39. Kg3 Kg6 40. h4 Rc3+ 41. f3 Kh5 42. hxg5 hxg5 43. Ra6 f5 44. Ra8 Rc4 45. Rg8 g4 46. fxg4+ Rxg4+ 47. Rxg4 fxg4 48. Kf4 Kh4 49. Kf5 Kg3 50. Kg5 Kxg2 51. Kxg4 1/2-1/2